<?xml version="1.0" encoding="UTF-8"?><?xml-stylesheet type="text/xsl" href="static/style.xsl"?><OAI-PMH xmlns="http://www.openarchives.org/OAI/2.0/" xmlns:xsi="http://www.w3.org/2001/XMLSchema-instance" xsi:schemaLocation="http://www.openarchives.org/OAI/2.0/ http://www.openarchives.org/OAI/2.0/OAI-PMH.xsd"><responseDate>2026-04-13T04:49:45Z</responseDate><request verb="GetRecord" identifier="oai:www.recercat.cat:20.500.12367/2219" metadataPrefix="marc">https://recercat.cat/oai/request</request><GetRecord><record><header><identifier>oai:recercat.cat:20.500.12367/2219</identifier><datestamp>2026-02-18T08:58:36Z</datestamp><setSpec>com_2072_484362</setSpec><setSpec>col_2072_484363</setSpec></header><metadata><record xmlns="http://www.loc.gov/MARC21/slim" xmlns:dcterms="http://purl.org/dc/terms/" xmlns:xsi="http://www.w3.org/2001/XMLSchema-instance" xmlns:doc="http://www.lyncode.com/xoai" xsi:schemaLocation="http://www.loc.gov/MARC21/slim http://www.loc.gov/standards/marcxml/schema/MARC21slim.xsd">
   <leader>00925njm 22002777a 4500</leader>
   <datafield ind2=" " ind1=" " tag="042">
      <subfield code="a">dc</subfield>
   </datafield>
   <datafield ind2=" " ind1=" " tag="720">
      <subfield code="a">Barrenetxea-Garcia, Josu</subfield>
      <subfield code="e">author</subfield>
   </datafield>
   <datafield ind2=" " ind1=" " tag="720">
      <subfield code="a">Murua-Ruiz, Antxon</subfield>
      <subfield code="e">author</subfield>
   </datafield>
   <datafield ind2=" " ind1=" " tag="720">
      <subfield code="a">Mielgo Ayuso, Juan</subfield>
      <subfield code="e">author</subfield>
   </datafield>
   <datafield ind2=" " ind1=" " tag="720">
      <subfield code="a">Nuell Turon, Sergi</subfield>
      <subfield code="e">author</subfield>
   </datafield>
   <datafield ind2=" " ind1=" " tag="720">
      <subfield code="a">Calleja-Gonzalez, Julio</subfield>
      <subfield code="e">author</subfield>
   </datafield>
   <datafield ind2=" " ind1=" " tag="720">
      <subfield code="a">Sáez de Villarreal Sáez, Eduardo</subfield>
      <subfield code="e">author</subfield>
   </datafield>
   <datafield ind2=" " ind1=" " tag="260">
      <subfield code="c">2022-08-26</subfield>
   </datafield>
   <datafield ind2=" " ind1=" " tag="520">
      <subfield code="a">Water polo (WP) is a high-intensity intermittent aquatic sport, with a predominance of swimming skills and nonswimming activities and incomplete recovery periods. Consequently, recovery after exercise is a fundamental part of sports performance. The main purpose of this systematic review was to evaluate the effects of different recovery strategies in WP performance. The studies were found by searching in the databases of PubMed, Web of Science, and Scopus. Methodological quality and risk of bias were assessed in accordance with the Cochrane Collaboration Guidelines samples. A summary of results including five studies was followed. The results show that supplementation with cherry juice before training does not imply improvements in recovery; the full-body photobiomodulation therapy reduces muscle damage; reducing training load during the season increased the natural logarithm of the root mean square of successive differences and perceived state of recovery, and the heart rate variability stabilizes and could progressively increase at the end of a tournament; and when an increase in internal training load is less than 60%–70% autonomic cardiac disturbances during preseason training do not occur. Recovery in WP is a very limited field of study that needs future research in active recovery, hydrotherapy, massage, rest and sleep to help coaches formulate recommendations [...].</subfield>
   </datafield>
   <datafield ind1="8" ind2=" " tag="024">
      <subfield code="a">Barrenetxea-Garcia J, Murua-Ruiz A, Mielgo Ayuso J, Nuell Turon S, Calleja-Gonzalez J, Sáez de Villarreal Sáez E. Recovery in water polo: how much do we have to know? A systematic review. J Exerc Rehabil. 2022 Aug 26;18(4):225-234. DOI: 10.12965/jer.2244306.153</subfield>
   </datafield>
   <datafield ind1="8" ind2=" " tag="024">
      <subfield code="a">2288-176X; 2288-1778</subfield>
   </datafield>
   <datafield ind1="8" ind2=" " tag="024">
      <subfield code="a">https://hdl.handle.net/20.500.12367/2219</subfield>
   </datafield>
   <datafield ind1="8" ind2=" " tag="024">
      <subfield code="a">10.12965/jer.2244306.153</subfield>
   </datafield>
   <datafield tag="653" ind2=" " ind1=" ">
      <subfield code="a">Recovery</subfield>
   </datafield>
   <datafield tag="653" ind2=" " ind1=" ">
      <subfield code="a">Performance</subfield>
   </datafield>
   <datafield tag="653" ind2=" " ind1=" ">
      <subfield code="a">Systematic review</subfield>
   </datafield>
   <datafield tag="653" ind2=" " ind1=" ">
      <subfield code="a">Water polo</subfield>
   </datafield>
   <datafield ind2="0" ind1="0" tag="245">
      <subfield code="a">Recovery in water polo: how much do we have to know? A systematic review</subfield>
   </datafield>
</record></metadata></record></GetRecord></OAI-PMH>